000 01050nam a2200253Ia 4500
003 OSt
005 20220930094900.0
006 a|||||r|||| 00| 0
007 ta
008 220926b |||||||| |||| 00| 0 hin d
024 _a32470
037 _cTheses
040 _aCRL
_cCRL
_bhin
041 _2hin
_ahin
100 _aठाकुर, भुवाल सिंह, ले.
110 _aदिल्ली विश्वविद्यालय. कला संकाय. हिन्दी
_9556569
245 0 _aमहादेवी वर्मा के सृजन और चिंतन में नवजागरण की चेतना
246 _aMahādevī varmā ke sṛujan aur chiantan mean navajāgaraṇ kī chetanā
260 _c2014
300 _a376पृ.
_ap.
_ccm.
700 _aदिल्ली विश्वविद्यालय. कला संकाय. हिन्दी
_9556570
942 _cDIS
_2CC
999 _c887855
_d887855